• 首页
  • 本馆介绍
  • 公告通知
  • 最新文献
  • 馆藏检索
  • 电子资源
  • 读者导购
  • 参考咨询
  • 我的图书馆
  • 登录
  • 详细信息显示
  • 放入我的书架
  • 预约/预借图书
  • 作者相关作品
  • 分类相关作品
  • 丛书相关作品
  • 出版社相关作品

书目信息

  • 表格格式
  • 工作单格式
  • 卡片格式
题名:
身边的生物学
    
 
作者: 王伟庆 , 张德胜 编著
分册:  
出版信息: 上海   上海科学技术文献出版社  2004
页数: 241页
开本: 18cm
丛书名: 《身边的ABC》丛书
单 册:
中图分类: Q-49
科图分类:
主题词: 生物学 , 生物学--普及读物
电子资源:
ISBN: 7-5439-2204-5
000 00969oam2 2200289 450
001 110000004539
005 20051114160439.54
010    @a7-5439-2204-5@dCNY12.00
092    @aCN
100    @a20050319d2004 ekmy0chiy0120 ea
101 0  @achi
102    @aCN@b310000
105    @ay z 000yy
200 1  @a身边的生物学@9shen bian de sheng wu xue@f王伟庆,张德胜编著@Fwang wei qing,zhang de sheng bian zhu
210    @a上海@c上海科学技术文献出版社@d2004
215    @a241页@d18cm
225 2  @a《身边的ABC》丛书@f张德胜主编
330    @a本书是以广大中学生为阅读对象、介绍生物学知识的普及读物,以“走向生活、走向实践”为理念、讲述了“远离疾病新视角、环境污染新焦点”等实用知识。
461  0 @12001 @a《身边的ABC》丛书
606 0  @a生物学
606 0  @a生物学@x普及读物
690    @aQ-49@v4
701  0 @a王伟庆@Awang wei qing@4编著
701  0 @a张德胜@Azhang de sheng@4编著
801  0 @aCN@bTSSF@c20051114
905    @a10447@dQ-49@e46
999    @aZXL@eGLX
    
    身边的生物学/王伟庆,张德胜编著.-上海:上海科学技术文献出版社,2004
    241页;18cm.-(《身边的ABC》丛书/张德胜主编)
    
    
    ISBN 7-5439-2204-5:CNY12.00
    本书是以广大中学生为阅读对象、介绍生物学知识的普及读物,以“走向生活、走向实践”为理念、讲述了“远离疾病新视角、环境污染新焦点”等实用知识。
●
相关链接 在E读中查询图书 在五车中查询图书 在当当中查询图书 在豆瓣中查询图书


正题名:身边的生物学     索取号:Q-49/46         预约/预借

序号 登录号 条形码 馆藏地/架位号 状态 备注
1 0367222   203672221   第二样本阅览室/ [索取号:Q-49/46] 在馆    
2 0367223   203672230   密集书库/ [索取号:Q-49/46] 在馆    
3 0367224   203672249   第三借阅区/ [索取号:Q-49/46] 在馆    
4 0367225   203672258   第三借阅区/ [索取号:Q-49/46] 在馆    
5 0367226   203672267   第三借阅区/ [索取号:Q-49/46] 在馆    
6 0367227   203672276   密集书库/ [索取号:Q-49/46] 在馆    
7 0367228   203672285   密集书库/ [索取号:Q-49/46] 在馆    
8 0367229   203672294   第三借阅区/ [索取号:Q-49/46] 在馆    
9 0367230   203672301   密集书库/ [索取号:Q-49/46] 在馆    
唐山师范学院图书馆 欢迎您!
大连网信软件有限公司© 版权所有